Catálogo

Hegemonía y dominación en el estado moderno / (Registro nro. 22541)

Detalles MARC
000 -LEADER
fixed length control field 00843cam a2200265 i 4500
001 - CONTROL NUMBER
control field 22541
003 - CONTROL NUMBER IDENTIFIER
control field Mx-PuUPA
005 - DATE AND TIME OF LATEST TRANSACTION
control field 20231016154709.0
008 - FIXED-LENGTH DATA ELEMENTS--GENERAL INFORMATION
fixed length control field 140415s1977 mx r 000 0 spa d
040 ## - CATALOGING SOURCE
Original cataloging agency Mx-PuUPA
Language of cataloging spa
Transcribing agency Mx-PuUPA
Modifying agency Mx-PuUPA
Description conventions rda
041 0# - LANGUAGE CODE
Language code of text/sound track or separate title spa
100 1# - MAIN ENTRY--PERSONAL NAME
Personal name Poulantzas, Nicos Ar.,
Dates associated with a name 1936-1979
Relator term autor
9 (RLIN) 9310
245 10 - TITLE STATEMENT
Title Hegemonía y dominación en el estado moderno /
Statement of responsibility, etc. Nicos Poulantzas
250 ## - EDITION STATEMENT
Edition statement Cuarta edición
264 #4 - PRODUCTION, PUBLICATION, DISTRIBUTION, MANUFACTURE, AND COPYRIGHT NOTICE
Place of production, publication, distribution, manufacture México, D. F. :
Name of producer, publisher, distributor, manufacturer Ediciones Pasado y Presente,
Date of production, publication, distribution, manufacture, or copyright notice 1977
300 ## - PHYSICAL DESCRIPTION
Extent 130 páginas ;
Dimensions 21 cm
336 ## - CONTENT TYPE
Content type term texto
Fuente rdacontent
Content type code txt
337 ## - MEDIA TYPE
Media type term sin medio
Source rdamedia
Media type code n
338 ## - CARRIER TYPE
Carrier type term volumen
Source rdacarrier
Carrier type code nc
490 ## - SERIES STATEMENT
Series statement Cuadernos de Pasado y Presente ;
Volume/sequential designation 48
650 #4 - SUBJECT ADDED ENTRY--TOPICAL TERM
Topical term or geographic name entry element Marxismo
942 ## - ADDED ENTRY ELEMENTS (KOHA)
Source of classification or shelving scheme Dewey Decimal Classification
Koha item type Libro
Classification part 335.4
Item part P872
Existencias
Withdrawn status Lost status Source of classification or shelving scheme Damaged status Not for loan Collection code Home library Current library Shelving location Date acquired Source of acquisition Total Checkouts Full call number Barcode Date last seen Date last checked out Price effective from Koha item type
    Dewey Decimal Classification     General Biblioteca Karol Wojtyla Biblioteca Karol Wojtyla Sala general 03/12/2013 Compra 1 335.4 P872 1977 4313 05/01/2026 07/11/2018 03/12/2013 Libro